Confidentiality cannot always be guaranteed (Record no. 118433)
[ view plain ]
| 000 -LEADER | |
|---|---|
| fixed length control field | 01413cam a2200313 4500 |
| 001 - CONTROL NUMBER | |
| control field | ABS68559 |
| 008 - FIXED-LENGTH DATA ELEMENTS--GENERAL INFORMATION | |
| fixed length control field | 041210n2004 000 0 eng u |
| 035 ## - SYSTEM CONTROL NUMBER | |
| System control number | (Sirsi) u128274 |
| 100 ## - MAIN ENTRY--PERSONAL NAME | |
| Personal name | Bradford, K. |
| 245 ## - TITLE STATEMENT | |
| Title | Confidentiality cannot always be guaranteed |
| 260 ## - PUBLICATION, DISTRIBUTION, ETC. | |
| Date of publication, distribution, etc. | 2004 |
| 490 ## - SERIES STATEMENT | |
| Series statement | Estates Gazette |
| Volume/sequential designation | (0449) 4 December 2004, 126-128(3) |
| 520 ## - SUMMARY, ETC. | |
| Summary, etc. | Defines and clarifies differences between disclosure and privilege using examples of Landlord and Tenant Act 1954 scenarios as illustrations. Discusses the implications of "Three Rivers DC v Bank of England" ([2004] UKHL 48) which clearly defines the boundaries relating to legal advice privilege. Warns that confidentiality cannot always be guaranteed. View judgment at www.publications.parliament.uk. |
| 590 ## - LOCAL NOTE (RLIN) | |
| Local note | ABS |
| 590 ## - LOCAL NOTE (RLIN) | |
| Local note | ABS |
| 650 ## - SUBJECT ADDED ENTRY--TOPICAL TERM | |
| Topical term or geographic name entry element | CONFIDENTIALITY |
| 650 ## - SUBJECT ADDED ENTRY--TOPICAL TERM | |
| Topical term or geographic name entry element | DISCLOSURE |
| 650 ## - SUBJECT ADDED ENTRY--TOPICAL TERM | |
| Topical term or geographic name entry element | THREE RIVERS DC V BANK OF ENGLAND |
| 650 ## - SUBJECT ADDED ENTRY--TOPICAL TERM | |
| Topical term or geographic name entry element | PRIVILEGE |
| 650 ## - SUBJECT ADDED ENTRY--TOPICAL TERM | |
| Topical term or geographic name entry element | LITIGATION |
| 650 ## - SUBJECT ADDED ENTRY--TOPICAL TERM | |
| Topical term or geographic name entry element | WITHOUT PREJUDICE |
| 650 ## - SUBJECT ADDED ENTRY--TOPICAL TERM | |
| Topical term or geographic name entry element | LEGAL ADVICE |
| 650 ## - SUBJECT ADDED ENTRY--TOPICAL TERM | |
| Topical term or geographic name entry element | USA V PHILIP MORRIS INC (NO 1) |
| 690 ## - LOCAL SUBJECT ADDED ENTRY--TOPICAL TERM (OCLC, RLIN) | |
| Topical term or geographic name as entry element | LAW |
| 700 ## - ADDED ENTRY--PERSONAL NAME | |
| Personal name | Hatton, B. |
| 856 ## - ELECTRONIC LOCATION AND ACCESS | |
| Uniform Resource Identifier | <a href="https://www.publications.parliament.uk/pa/ld200304/ldjudgmt/jd041111/riv-1.htm">https://www.publications.parliament.uk/pa/ld200304/ldjudgmt/jd041111/riv-1.htm</a> |
| Public note | View judgment on UK Parliament website... |
| 856 ## - ELECTRONIC LOCATION AND ACCESS | |
| Uniform Resource Identifier | <a href="https://www.publications.parliament.uk/pa/ld200304/ldjudgmt/jd041111/riv-1.htm">https://www.publications.parliament.uk/pa/ld200304/ldjudgmt/jd041111/riv-1.htm</a> |
| Public note | View judgment on UK Parliament website... |
| 942 ## - ADDED ENTRY ELEMENTS (KOHA) | |
| Suppress in OPAC | 0 |
| Withdrawn status | Lost status | Source of classification or shelving scheme | Damaged status | Not for loan | Home library | Current library | Shelving location | Date acquired | Total Checkouts | Full call number | Barcode | Date last seen | Copy number | Price effective from | Koha item type |
|---|---|---|---|---|---|---|---|---|---|---|---|---|---|---|---|
| Dewey Decimal Classification | London | London | Journal article | 10/12/2004 | ABS68559 | 128274-1001 | 06/08/2019 | 1 | 06/08/2019 | Journal article |